000 00335nam a2200121Ia 4500
008 180117s9999 xx 000 0 und d
100 _aby Mavie Castrillo Escalona
245 _aPeace and Quiet On Christmas Day
260 _c2016
300 _a9-10 pages, 2016 December 25
440 _aPhilippine Panorama
650 _aCHRISTMAS DAY
999 _c353472
_d353472